Mystery XI #1 - Statistics

General Stats
  • This quiz has been taken 433 times
  • The average score is 9 of 11
Answer Stats
Answer % Correct
Paul Pogba
95%
Antonio Valencia
92%
Marcus Rashford
91%
Henrikh Mkhitaryan
87%
Sergio Romero
84%
Juan Mata
82%
Marouane Fellaini
82%
Matteo Darmian
73%
Chris Smalling
72%
Daley Blind
71%
Ander Herrera
66%
No matching quizzes found
Score Distribution
Percent of People with Each Score
Percentile by Number Answered
Your Score History
You have not taken this quiz